Szczegóły MARC21

Projektowanie systemów CMS przy użyciu PHP i jQuery /

003 -Nazwa inst., której nr kontr. jest w polu 001 [,]
    • @
    • Nazwa instytucji, której n kontrolny jest w polu 001
    • NUKAT
005 -DATA I CZAS OSTATNIEJ MODYFIKACJI [,]
    • @
    • pole kontrolne
    • 20241231112307.0
020 -Międzynarod. znormalizowany nr książki - ISBN [ , ]
    • a
    • Numer ISBN
    • 9788324633654 Find
040 -Instytucja sporządzająca opis [ , ]
    • a
    • Instytucja, która sporządziła opis (NP)
    • GL 001/EZN
    • c
    • Instytucja, która sporządziła rekord (NP)
    • GL 001/EZN
    • d
    • Instytucja, która zmodyfikowała rekord (P)
    • GL 001/ACHs
    • d
    • Instytucja, która zmodyfikowała rekord (P)
    • KR 93/MSs
041 -Język dokumentu [1, ]
    • a
    • Język tekstu (P)
    • polski
    • h
    • Język tekstu oryginalnego i/lub pośredniego (P)
    • angielski
942 -Rodzaj dokumentu [ , ]
    • c
    • Rodzaj dokumentu
    • Książka
100 -Hasło główne - nazwa osobowa [1, ]
    • a
    • Nazwa osobowa (NP)
    • Verens, Kae.
    • 9
    • KHW
    • 49436
245 -Strefa tytułu i oznaczenia odpowiedzialności [1,0]
    • a
    • Tytuł
    • Projektowanie systemów CMS przy użyciu PHP i jQuery / Find
    • c
    • Pozostałe elementy strefy tytułu i oznaczenia odpowiedzialności (NP)
    • Kae Verens ; [tł.: Łukasz Piwko].
246 -Wariant tytułu [1, ]
    • i
    • Tekst wyświetlany na ekranie monitora (NP)
    • Tyt oryg.:
    • a
    • Tytuł (NP)
    • CMS design using PHP and jQuery
260 -Strefa adresu wydawniczego [ , ]
    • a
    • Miejsce wydania (P)
    • Gliwice :
    • b
    • Nazwa wydawcy (P)
    • Helion,
    • c
    • Data wydania (P)
    • cop. 2012.
300 -Strefa opisu fizycznego [ , ]
    • a
    • Określenie formy książki i/lub objętość (NP)
    • 308 s. :
    • b
    • Oznaczenie ilustracji (NP)
    • il. ;
    • c
    • Format (NP)
    • 23 cm.
336 -Typ zawartości [ , ]
    • a
    • Termin opisujący typ zawartości
    • Tekst
    • b
    • Kod określający zawartość
    • txt
    • 2
    • Źródło (terminu i kodu)
    • rdacontent
337 -Typ mediów [ , ]
    • a
    • Tryb odtwarzania
    • Bez urządzenia pośredniczącego
    • b
    • Kod typu mediów
    • n
    • 2
    • Źródło (terminu i kodu)
    • rdamedia
338 -Typ/rodzaj nośnika [ , ]
    • a
    • Hasło opisujące typ nośnika
    • Wolumin
    • b
    • Kod typu nośnika
    • nc
    • 2
    • Źródło (terminu i kodu)
    • rdacarrier
490 -Strefa serii i książki wielotomowej - forma nie do wyszukiwania [1, ]
    • a
    • Tytuł (P)
    • Technologia i Rozwiązania Find
830 -Hasło dodatkowe serii i opisu książki wielotomowej - tytuł ujednolicony/tytuł [ ,0]
    • a
    • Tytuł ujednolicony/tytuł (NP)
    • Technologia i Rozwiązania
    • 9
    • KHW
    • 49437
500 -Uwaga ogólna [ , ]
    • a
    • Uwaga ogólna (NP)
    • Na okł.: "Zbuduj CMS na miarę swoich potrzeb! Jak zaprojektowac jądro systemu CMS? Jak zarządzać użytkownikami? Jak przygotować instalator?".
504 -Uwaga dot. bibliogr. załącznikowej [ , ]
    • a
    • Uwaga dot. bibliografii załącznikowej
    • Indeks.
080 -Uniwersalna Klasyfikacja Dziesiętna [ , ]
    • 2
    • Identyfikator wydania tablic
    • UDC-P058
    • 9
    • UKD
    • 2146
    • a
    • Symbol klasyfikacji
    • 004.774
    • b
    • Dopowiedzenie
    • Strony WWW.
    • 4
    • UKD2
    • 8168
    • x
    • Poddział wspólny
    • (083.1)
    • c
    • Dopowiedzenie poddz. wspólnego
    • (Przepisy. Instrukcje. Poradniki praktyczne).
080 -Uniwersalna Klasyfikacja Dziesiętna [ , ]
    • 2
    • Identyfikator wydania tablic
    • UDC-P058
    • 9
    • UKD
    • 2094
    • a
    • Symbol klasyfikacji
    • 004.43
    • b
    • Dopowiedzenie
    • Języki programowania.
    • 4
    • UKD2
    • 8168
    • x
    • Poddział wspólny
    • (083.1)
    • c
    • Dopowiedzenie poddz. wspólnego
    • (Przepisy. Instrukcje. Poradniki praktyczne).
080 -Uniwersalna Klasyfikacja Dziesiętna [ , ]
    • 2
    • Identyfikator wydania tablic
    • UDC-P058
    • 9
    • UKD
    • 2102
    • a
    • Symbol klasyfikacji
    • 004.451
    • b
    • Dopowiedzenie
    • Systemy operacyjne. Zarządzanie zasobami. Zarządzanie pamięcią. Zarządzanie danymi. Zarządzanie rekordami. Metody dostępu.
    • 4
    • UKD2
    • 8168
    • x
    • Poddział wspólny
    • (083.1)
    • c
    • Dopowiedzenie poddz. wspólnego
    • (Przepisy. Instrukcje. Poradniki praktyczne).
650 -Hasło przedmiotowe [ ,7]
    • a
    • Hasło przedmiotowe
    • Strony Web
    • x
    • Określnik rzeczowy
    • rozwój
    • x
    • Określnik rzeczowy
    • oprogramowanie.
    • 2
    • Źródło terminu
    • kaba
    • 9
    • KHW
    • 145479
650 -Hasło przedmiotowe [ ,7]
    • a
    • Hasło przedmiotowe
    • Strony Web
    • x
    • Określnik rzeczowy
    • zarządzanie
    • x
    • Określnik rzeczowy
    • oprogramowanie.
    • 2
    • Źródło terminu
    • kaba
    • 9
    • KHW
    • 163388
650 -Hasło przedmiotowe [ ,7]
    • a
    • Hasło przedmiotowe
    • PHP (język programowania).
    • 2
    • Źródło terminu
    • kaba
    • 9
    • KHW
    • 122918
650 -Hasło przedmiotowe [ ,7]
    • a
    • Hasło przedmiotowe
    • jQuery (platforma informatyczna).
    • 2
    • Źródło terminu
    • kaba
    • 9
    • KHW
    • 196864
980 -Symbol UKD [ , ]
    • a
    • UKD
    • 004.774:004.43:004.451](083.1)
700 -Hasło dodatkowe - nazwa osobowa [1, ]
    • a
    • Nazwa osobowa (NP)
    • Piwko, Łukasz. Find
    • e
    • Określenie rodzaju współpracy
    • Tł.
    • 9
    • KHW
    • 49435
710 -Hasło dodatkowe - nazwa ciała zbiorowego [2, ]
    • a
    • Nazwa ciała zbiorowego lub nazwa geograficzna jako pierwszy element (NP)
    • Grupa Wydawnicza Helion.
    • 4
    • Kod relacji
    • pbl
    • 9
    • KHW
    • 51611
920 -ISBN [ , ]
    • a
    • ISBN
    • 978-83-246-3365-4 Find
Lokalizacja Data inwentaryzacji Status udost. Numer inwentarzowy
BE2012-11-16-6E.74283
BE2012-12-03-2S.94491